[Event "Titled Tuesday intern op 02nd Apr Early"]
[Site "Chess.com INT"]
[Date "2024.04.02"]
[Round "4"]
[White "Seder, Mohamad"]
[Black "Nadanian, Ashot S"]
[Result "1-0"]
[WhiteElo "2077"]
[BlackElo "2248"]
[PlyCount "75"]
[EventDate "2024.04.02"]
[EventType "swiss (blitz)"]
[EventRounds "11"]
[EventCountry "USA"]
[SourceTitle "CB15_2024"]
[SourceDate "2024.04.10"]
[SourceVersion "1"]
[SourceVersionDate "2024.04.10"]
[SourceQuality "1"]

1. e4 c5 2. Nf3 Nc6 3. Bb5 e5 4. Nc3 Bd6 5. Nd5 Nge7 6. c3 Nxd5 7. exd5 Ne7 8. Qe2 Nxd5 9. d4 cxd4 10. cxd4 Bb4+ 11. Bd2 Bxd2+ 12. Nxd2 0-0 13. dxe5 Qa5 14. Bc4 Nf4 15. Qe4 Ng6 16. f4 d6 17. b4 Qb6 18. a3 dxe5 19. fxe5 Re8 20. Nf3 Be6 21. Bd3 Rad8 22. Rd1 Rd5 23. h4 h5 24. Ke2 Qd8 25. Rhe1 Rd7 26. Bb5 Rxd1 27. Rxd1 Qe7 28. Bxe8 Qxe8 29. Kf2 Qe7 30. Qd4 f6 31. Qd8+ Qxd8 32. Rxd8+ Kf7 33. Ke3 Ke7 34. Rb8 fxe5 35. Rxb7+ Kf6 36. Ng5 Nf4 37. g3 Nd5+ 38. Kd2 1-0

[Event "Titled Tuesday intern op 15th Aug Early"]
[Site "Chess.com INT"]
[Date "2023.08.15"]
[Round "5"]
[White "Osinovsky, Stepan"]
[Black "Nadanian, Ashot S"]
[Result "0-1"]
[WhiteElo "2241"]
[BlackElo "2279"]
[PlyCount "58"]
[EventDate "2023.08.15"]
[EventType "swiss (blitz)"]
[EventRounds "11"]
[EventCountry "USA"]
[SourceTitle "EXT 2024"]
[Source "ChessBase"]
[SourceDate "2023.10.10"]
[SourceVersion "1"]
[SourceVersionDate "2023.10.10"]
[SourceQuality "1"]

1. e4 c5 2. Nf3 Nc6 3. Bb5 g6 4. 0-0 Bg7 5. Bxc6 dxc6 6. h3 e5 7. a3 a5 8. d3 Qe7 9. Bd2 Nf6 10. Bc3 Nd7 11. Nbd2 b5 12. b3 f6 13. a4 Qd8 14. axb5 cxb5 15. b4 cxb4 16. Bxb4 Bf8 17. Bxf8 Nxf8 18. d4 exd4 19. e5 Ne6 20. exf6 0-0 21. Ne4 Bb7 22. Nfd2 a4 23. Re1 Qd5 24. Qg4 Rae8 25. Nf3 Bc6 26. Rad1 a3 27. Qh4 a2 28. Nfg5 Nxg5 29. Nxg5 Qxg2# 0-1

[Event "Titled Tuesday intern op 01st Aug Early"]
[Site "Chess.com INT"]
[Date "2023.08.01"]
[Round "7"]
[White "Nadanian, Ashot S"]
[Black "Namitbir, Singh Walia"]
[Result "0-1"]
[WhiteElo "2279"]
[BlackElo "2364"]
[PlyCount "68"]
[EventDate "2023.08.01"]
[EventType "swiss (blitz)"]
[EventRounds "11"]
[EventCountry "USA"]
[SourceTitle "EXT 2024"]
[Source "ChessBase"]
[SourceDate "2023.10.10"]
[SourceVersion "1"]
[SourceVersionDate "2023.10.10"]
[SourceQuality "1"]

1. e4 c5 2. d3 Nc6 3. g3 d5 4. exd5 Qxd5 5. Nf3 Nd4 6. Bg2 Bh3 7. 0-0 Bxg2 8. Kxg2 Nf6 9. Nc3 Qc6 10. Be3 e6 11. Bxd4 cxd4 12. Ne2 Bc5 13. b4 Bb6 14. b5 Qxb5 15. Nexd4 Bxd4 16. Nxd4 Qd5+ 17. Nf3 0-0 18. Re1 Rfd8 19. Kg1 Rac8 20. Ne5 b6 21. a4 Rc5 22. Qe2 Qd4 23. a5 bxa5 24. Nc4 Rdd5 25. Ra4 Qc3 26. Rea1 h6 27. R1a3 Qd4 28. Ne3 Qb2 29. Nxd5 Nxd5 30. Ra2 Qb6 31. Ra1 Nc3 32. Qe1 Nxa4 33. Rxa4 Rxc2 34. Qxa5 Qxf2+ 0-1

[Event "Titled Tuesday intern op 25th Jul Late"]
[Site "Chess.com INT"]
[Date "2023.07.25"]
[Round "7"]
[White "Nadanian, Ashot S"]
[Black "Sabuk, Piotr"]
[Result "1/2-1/2"]
[WhiteElo "2279"]
[BlackElo "2380"]
[PlyCount "147"]
[EventDate "2023.07.25"]
[EventType "swiss (blitz)"]
[EventRounds "11"]
[EventCountry "USA"]
[SourceTitle "EXT 2024"]
[Source "ChessBase"]
[SourceDate "2023.10.10"]
[SourceVersion "1"]
[SourceVersionDate "2023.10.10"]
[SourceQuality "1"]

1. e4 e5 2. Nf3 Nc6 3. Bb5 a6 4. Bxc6 dxc6 5. 0-0 f6 6. d4 exd4 7. Nxd4 c5 8. Nb3 Qxd1 9. Rxd1 Bg4 10. f3 Bd7 11. Bf4 0-0-0 12. Nc3 c4 13. Nd4 Ne7 14. Kf2 Ng6 15. Be3 Ne5 16. h3 Bd6 17. Nf5 Bxf5 18. exf5 b5 19. Ne4 Be7 20. Bc5 Rhe8 21. a4 Rxd1 22. Rxd1 Bd8 23. axb5 axb5 24. Be3 Be7 25. Bc5 Bd8 26. Bb4 Nf7 27. g4 c6 28. Bc5 Bc7 29. Ra1 Kb7 30. Ra7+ Kb8 31. Ra6 Kb7 32. Ra7+ Kb8 33. Ra1 Rd8 34. Ke2 Ne5 35. Be3 Re8 36. Kf2 Nd7 37. Rd1 Nb6 38. Bxb6 Bxb6+ 39. Ke2 Kc7 40. Ra1 g6 41. fxg6 hxg6 42. Kf1 f5 43. gxf5 gxf5 44. Ng3 f4 45. Ne4 Rg8 46. Re1 Be3 47. Ke2 Rg2+ 48. Kd1 Rh2 49. b3 cxb3 50. cxb3 Rxh3 51. Ke2 Rh2+ 52. Kd3 Kb6 53. Rd1 Rh3 54. Ke2 Rh2+ 55. Kd3 c5 56. Nf6 Rh6 57. Nd5+ Kc6 58. Nxe3 fxe3 59. Kxe3 c4 60. bxc4 bxc4 61. f4 Kc5 62. f5 c3 63. Kf4 Kc4 64. Kg5 Rh2 65. Rd8 c2 66. Rc8+ Kd3 67. f6 Rg2+ 68. Kf5 Rf2+ 69. Ke6 Rf1 70. f7 Kd2 71. Ke7 c1Q 72. Rxc1 Kxc1 73. f8Q Rxf8 74. Kxf8 1/2-1/2

[Event "Titled Tuesday intern op 23rd May Early"]
[Site "Chess.com INT"]
[Date "2023.05.23"]
[Round "6"]
[White "Jia, Haoxiang"]
[Black "Nadanian, Ashot S"]
[Result "1/2-1/2"]
[WhiteElo "2331"]
[BlackElo "2279"]
[PlyCount "108"]
[EventDate "2023.05.23"]
[EventType "swiss (blitz)"]
[EventRounds "11"]
[EventCountry "USA"]
[SourceTitle "CBM 214 Extra"]
[Source "ChessBase"]
[SourceDate "2023.07.31"]
[SourceVersion "1"]
[SourceVersionDate "2023.07.31"]
[SourceQuality "1"]

1. d4 d5 2. c4 e6 3. Nf3 c5 4. cxd5 exd5 5. g3 Nc6 6. Bg2 Nf6 7. 0-0 Be7 8. dxc5 Bxc5 9. Bg5 0-0 10. Nc3 d4 11. Bxf6 Qxf6 12. Nd5 Qd8 13. Ne1 Re8 14. Nd3 Bb6 15. b4 Bg4 16. Re1 Be6 17. N3f4 Qd6 18. b5 Ne5 19. Nxe6 Rxe6 20. Nxb6 Qxb6 21. a4 Rd8 22. Qb3 a5 23. Rac1 h6 24. Red1 Rf6 25. Qc2 d3 26. Qc5 dxe2 27. Rxd8+ Qxd8 28. Qxe5 Qd1+ 29. Rxd1 exd1Q+ 30. Bf1 Qf3 31. Qd4 b6 32. h4 h5 33. Bd3 g6 34. Bc4 Kh7 35. Bf1 Qf5 36. Bg2 Qe6 37. Kh2 Qd6 38. Qe3 Re6 39. Qf3 Kg7 40. Qc3+ Qe5 41. Qf3 Rf6 42. Qb7 Rxf2 43. Qxb6 Qb2 44. Qc6 Rc2 45. Qd5 Rd2 46. Qe4 Qd4 47. Qc6 Qb2 48. Qf3 Kg8 49. Qa8+ Kg7 50. Qc6 Rc2 51. Qf3 Rf2 52. Qe4 Re2 53. Qa8 Rf2 54. Qc6 Rc2 1/2-1/2

[Event "Titled Tuesday intern op 23rd May Early"]
[Site "Chess.com INT"]
[Date "2023.05.23"]
[Round "11"]
[White "Nadanian, Ashot S"]
[Black "Aadit, Bhatia"]
[Result "0-1"]
[WhiteElo "2279"]
[BlackElo "1926"]
[PlyCount "50"]
[EventDate "2023.05.23"]
[EventType "swiss (blitz)"]
[EventRounds "11"]
[EventCountry "USA"]
[SourceTitle "CBM 214 Extra"]
[Source "ChessBase"]
[SourceDate "2023.07.31"]
[SourceVersion "1"]
[SourceVersionDate "2023.07.31"]
[SourceQuality "1"]

1. e4 c5 2. d3 Nc6 3. g3 g6 4. Bg2 Bg7 5. f4 e5 6. Nf3 d6 7. 0-0 Nge7 8. f5 f6 9. Nh4 0-0 10. g4 g5 11. Nf3 d5 12. h4 h6 13. hxg5 hxg5 14. Nbd2 Kf7 15. exd5 Nxd5 16. Ne4 b6 17. c4 Ndb4 18. Nfxg5+ fxg5 19. Nxg5+ Ke7 20. a3 Nxd3 21. Bxc6 Qd4+ 22. Kg2 Bd7 23. Bxa8 Rxa8 24. Qf3 Bc6 25. f6+ Bxf6 0-1

[Event "Titled Tuesday intern op 23rd May Early"]
[Site "Chess.com INT"]
[Date "2023.05.23"]
[Round "10"]
[White "Valle Luis, Leo"]
[Black "Nadanian, Ashot S"]
[Result "0-1"]
[WhiteElo "2354"]
[BlackElo "2279"]
[PlyCount "68"]
[EventDate "2023.05.23"]
[EventType "swiss (blitz)"]
[EventRounds "11"]
[EventCountry "USA"]
[SourceTitle "CBM 214 Extra"]
[Source "ChessBase"]
[SourceDate "2023.07.31"]
[SourceVersion "1"]
[SourceVersionDate "2023.07.31"]
[SourceQuality "1"]

1. e4 d5 2. exd5 Qxd5 3. Nc3 Qa5 4. Bc4 Nf6 5. d3 c6 6. Bd2 Qc7 7. Qe2 Bg4 8. f3 Bf5 9. g4 Bc8 10. 0-0-0 b5 11. Bb3 a5 12. a4 b4 13. Ne4 Nxe4 14. fxe4 Nd7 15. h3 Nc5 16. Nf3 Nxb3+ 17. cxb3 Ba6 18. Rhf1 e6 19. Ng5 f6 20. Nxe6 Qd6 21. Nf4 0-0-0 22. Be3 Kb7 23. Rf3 g5 24. Nh5 Bxd3 25. Qf2 Be7 26. Bb6 Rd7 27. Rfxd3 Qxd3 28. Rd2 Qxd2+ 29. Qxd2 Rxd2 30. Bxa5 Rg2 31. Ng7 Bc5 32. Nf5 Re8 33. Bxb4 Bxb4 34. Nd6+ Bxd6 0-1

[Event "Titled Tuesday intern op 25th Apr Early"]
[Site "Chess.com INT"]
[Date "2023.04.25"]
[Round "6"]
[White "Itkis, Boris"]
[Black "Nadanian, Ashot S"]
[Result "1/2-1/2"]
[WhiteElo "2329"]
[BlackElo "2279"]
[PlyCount "101"]
[EventDate "2023.04.25"]
[EventType "swiss (blitz)"]
[EventRounds "11"]
[EventCountry "USA"]
[SourceTitle "EXT 2024"]
[Source "ChessBase"]
[SourceDate "2023.10.10"]
[SourceVersion "1"]
[SourceVersionDate "2023.10.10"]
[SourceQuality "1"]

1. c4 e6 2. Nf3 d5 3. b3 Nf6 4. g3 c5 5. Bg2 Nc6 6. 0-0 Be7 7. e3 0-0 8. Qe2 b6 9. Bb2 Bb7 10. d3 a5 11. Ne1 a4 12. f4 axb3 13. axb3 Nb4 14. g4 Rxa1 15. Bxa1 Qa8 16. Bc3 Rd8 17. g5 Ne8 18. h4 dxc4 19. dxc4 Nd6 20. Bxb7 Qxb7 21. Nf3 Ne4 22. Rd1 Ng3 23. Rxd8+ Bxd8 24. Qd1 Be7 25. Bxb4 cxb4 26. Nbd2 Bc5 27. Qe1 Ne4 28. Nxe4 Qxe4 29. Kf2 Qxf4 30. Qd2 Qf5 31. Qd8+ Bf8 32. Qxb6 Qc2+ 33. Kg3 Qxb3 34. c5 Qxe3 35. Qxb4 Qxc5 36. Qe4 g6 37. h5 gxh5 38. Kh4 Qd5 39. Qf4 Bg7 40. Kxh5 Qd8 41. Ne5 Bxe5 42. Qxe5 Qf8 43. Kg4 Qe8 44. Qf6 Qc8 45. Kh5 Qf8 46. Qe5 Qe8 47. Kg4 Qe7 48. Kh5 Qf8 49. Kg4 Qg7 50. Qb8+ Qf8 51. Qe5 1/2-1/2

[Event "Titled Tuesday intern op 18th Apr Early"]
[Site "Chess.com INT"]
[Date "2023.04.18"]
[Round "7"]
[White "Adireddy, Arjun"]
[Black "Nadanian, Ashot S"]
[Result "0-1"]
[WhiteElo "2078"]
[BlackElo "2279"]
[PlyCount "86"]
[EventDate "2023.04.18"]
[EventType "swiss (blitz)"]
[EventRounds "11"]
[EventCountry "USA"]
[SourceTitle "EXT 2024"]
[Source "ChessBase"]
[SourceDate "2023.10.10"]
[SourceVersion "1"]
[SourceVersionDate "2023.10.10"]
[SourceQuality "1"]

1. e4 c5 2. Nf3 Nc6 3. d4 cxd4 4. Nxd4 Qb6 5. Nb3 Nf6 6. Nc3 e6 7. Bd3 Be7 8. a3 0-0 9. 0-0 a6 10. Be3 Qc7 11. f4 d6 12. Qf3 b5 13. g4 Bb7 14. g5 Nd7 15. h4 b4 16. axb4 Nxb4 17. Qh3 d5 18. exd5 Nxd5 19. Nxd5 Bxd5 20. h5 Nc5 21. Nxc5 Bxc5 22. Bxc5 Qxc5+ 23. Kh2 Qb4 24. Qe3 Rfc8 25. b3 a5 26. Ra4 Qd6 27. Rd4 Qb6 28. g6 fxg6 29. hxg6 hxg6 30. Bxg6 a4 31. bxa4 Rxa4 32. Rd3 Rxc2+ 33. Kg3 Rg2+ 34. Kh3 Qxe3+ 35. Rxe3 Rxg6 36. Re5 Rf6 37. Kg3 Kf7 38. Rf2 Ra3+ 39. Kg4 Rg6+ 40. Kh4 Kf6 41. Rg5 Rh6+ 42. Kg4 Rhh3 43. Rh5 Rag3# 0-1

[Event "Titled Tuesday intern op 18th Apr Early"]
[Site "Chess.com INT"]
[Date "2023.04.18"]
[Round "10"]
[White "Manukian, Artak"]
[Black "Nadanian, Ashot S"]
[Result "0-1"]
[WhiteElo "2196"]
[BlackElo "2279"]
[PlyCount "92"]
[EventDate "2023.04.18"]
[EventType "swiss (blitz)"]
[EventRounds "11"]
[EventCountry "USA"]
[SourceTitle "EXT 2024"]
[Source "ChessBase"]
[SourceDate "2023.10.10"]
[SourceVersion "1"]
[SourceVersionDate "2023.10.10"]
[SourceQuality "1"]

1. e4 d5 2. exd5 Qxd5 3. d4 e5 4. dxe5 Qxd1+ 5. Kxd1 Nc6 6. Bb5 Bd7 7. Bf4 0-0-0 8. Kc1 Bc5 9. Bg3 Nge7 10. Nf3 Bg4 11. Nbd2 h6 12. Nb3 Bb6 13. a4 a6 14. Bc4 Rhf8 15. a5 Ba7 16. Re1 Be6 17. Ra4 Nf5 18. Bxe6+ fxe6 19. Re2 g5 20. Nbd2 Rd5 21. Ne4 Rfd8 22. Kb1 g4 23. Nh4 Rd1+ 24. Ka2 Nxg3 25. Nxg3 R8d5 26. Ng6 Bc5 27. Ne4 Bb4 28. Nc3 Bxc3 29. bxc3 h5 30. Nf4 Rb5 31. Nxe6 Rbb1 32. Rf4 Ra1+ 33. Kb3 Nxa5+ 34. Kb4 Rdb1+ 35. Kc5 b6+ 36. Kd4 Nc6+ 37. Ke3 Kb7 38. Re4 Ne7 39. Nf4 Nf5+ 40. Kd3 Rd1+ 41. Rd2 Rxd2+ 42. Kxd2 Ra5 43. e6 Ne7 44. c4 Rf5 45. g3 Kc6 46. Ke3 a5 0-1

[Event "Titled Tuesday intern op 18th Apr Early"]
[Site "Chess.com INT"]
[Date "2023.04.18"]
[Round "8"]
[White "Nadanian, Ashot S"]
[Black "Andreev, Konstantin"]
[Result "0-1"]
[WhiteElo "2279"]
[BlackElo "2167"]
[PlyCount "74"]
[EventDate "2023.04.18"]
[EventType "swiss (blitz)"]
[EventRounds "11"]
[EventCountry "USA"]
[SourceTitle "EXT 2024"]
[Source "ChessBase"]
[SourceDate "2023.10.10"]
[SourceVersion "1"]
[SourceVersionDate "2023.10.10"]
[SourceQuality "1"]

1. d4 Nf6 2. c4 e6 3. Nc3 Bb4 4. Bd2 0-0 5. Rc1 Re8 6. Nf3 b6 7. e3 Bb7 8. Bd3 Bf8 9. 0-0 d6 10. e4 e5 11. d5 c5 12. g3 g6 13. Nh4 Bg7 14. Qe1 Nbd7 15. f4 exf4 16. gxf4 a6 17. a4 Nxe4 18. Nxe4 f5 19. Nf3 fxe4 20. Bxe4 Nf6 21. Ng5 h6 22. Ne6 Rxe6 23. dxe6 Nxe4 24. f5 gxf5 25. Rxf5 Nxd2 26. Qxd2 Qh4 27. Qd3 Be4 28. Rh5 Qxh5 29. Qxe4 Rf8 30. h4 Qe5 31. Re1 Qxe4 32. Rxe4 Be5 33. Kg2 Re8 34. h5 Rxe6 35. Kf3 Kf7 36. b3 Kf6 37. Kg4 Bh2 0-1

[Event "Titled Tuesday intern op 18th Apr Early"]
[Site "Chess.com INT"]
[Date "2023.04.18"]
[Round "6"]
[White "Nadanian, Ashot S"]
[Black "Gruzman, Ilya"]
[Result "0-1"]
[WhiteElo "2279"]
[BlackElo "2141"]
[PlyCount "90"]
[EventDate "2023.04.18"]
[EventType "swiss (blitz)"]
[EventRounds "11"]
[EventCountry "USA"]
[SourceTitle "EXT 2024"]
[Source "ChessBase"]
[SourceDate "2023.10.10"]
[SourceVersion "1"]
[SourceVersionDate "2023.10.10"]
[SourceQuality "1"]

1. d4 Nf6 2. c4 g6 3. Nc3 Bg7 4. Nf3 0-0 5. e4 d6 6. Be2 c5 7. d5 e6 8. 0-0 exd5 9. exd5 Bf5 10. Bg5 Qb6 11. Qd2 Ne4 12. Nxe4 Bxe4 13. b3 Bxa1 14. Rxa1 f6 15. Bh6 Re8 16. Qf4 Qd8 17. Kf1 Qe7 18. Re1 Bxf3 19. Qxf3 Nd7 20. Bd2 Qf7 21. h4 Re7 22. Qg3 Ne5 23. h5 Rae8 24. hxg6 hxg6 25. Bd1 Qh7 26. Re3 Nf7 27. Kg1 Rxe3 28. Bxe3 Ne5 29. Bc2 Kg7 30. Bd2 Rh8 31. f4 Nf7 32. Qf3 Qh1+ 33. Kf2 Qa1 34. Qg4 f5 35. Bxf5 Qd4+ 36. Be3 Qf6 37. Be4 Ne5 38. Qg3 Nf7 39. Bd2 Rf8 40. Bc3 Ne5 41. Bxe5 dxe5 42. f5 g5 43. Qg4 Rh8 44. a3 Rh4 45. Qe2 Rf4+ 0-1

[Event "Titled Tuesday intern op 04th Apr Early"]
[Site "Chess.com INT"]
[Date "2023.04.04"]
[Round "8"]
[White "Krzywda, Andrzej"]
[Black "Nadanian, Ashot S"]
[Result "0-1"]
[WhiteElo "2223"]
[BlackElo "2279"]
[PlyCount "54"]
[EventDate "2023.04.04"]
[EventType "swiss (blitz)"]
[EventRounds "11"]
[EventCountry "USA"]
[SourceTitle "EXT 2024"]
[Source "ChessBase"]
[SourceDate "2023.10.10"]
[SourceVersion "1"]
[SourceVersionDate "2023.10.10"]
[SourceQuality "1"]

1. e4 d5 2. exd5 Qxd5 3. Nc3 Qa5 4. d4 Nf6 5. Nf3 Bg4 6. Be2 Nc6 7. h3 Bh5 8. Bd2 0-0-0 9. Nb5 Qb6 10. c3 Bxf3 11. gxf3 e5 12. 0-0 exd4 13. Nxd4 Nxd4 14. cxd4 Qxd4 15. Bc3 Qf4 16. Qc1 Qf5 17. Qe3 Bd6 18. f4 Kb8 19. Be5 Rhe8 20. Bd3 Qh5 21. Qg3 Rxe5 22. fxe5 Bxe5 23. Qe3 Nd5 24. Qe4 Nf4 25. Rad1 Qxh3 26. Bc2 Ne2+ 27. Qxe2 Qh2# 0-1

[Event "Titled Tuesday intern op 04th Apr Early"]
[Site "Chess.com INT"]
[Date "2023.04.04"]
[Round "6"]
[White "Ramirez, Vido Robert"]
[Black "Nadanian, Ashot S"]
[Result "0-1"]
[WhiteElo "2015"]
[BlackElo "2279"]
[PlyCount "90"]
[EventDate "2023.04.04"]
[EventType "swiss (blitz)"]
[EventRounds "11"]
[EventCountry "USA"]
[SourceTitle "EXT 2024"]
[Source "ChessBase"]
[SourceDate "2023.10.10"]
[SourceVersion "1"]
[SourceVersionDate "2023.10.10"]
[SourceQuality "1"]

1. f4 g5 2. fxg5 e5 3. d3 d5 4. Nc3 Bc5 5. Nf3 Nc6 6. e4 Nge7 7. exd5 Nxd5 8. Ne4 Be7 9. Be2 Bf5 10. 0-0 Qd7 11. c4 Nf4 12. Bxf4 exf4 13. Qd2 Bxe4 14. dxe4 Qxd2 15. Nxd2 Bxg5 16. Bg4 Ne5 17. Bf5 Rd8 18. Rad1 Ke7 19. Nf3 Nxf3+ 20. gxf3 Bf6 21. b3 Bd4+ 22. Kh1 c5 23. Rfe1 Kf6 24. Re2 h5 25. Rg2 Be3 26. Rd5 Rxd5 27. cxd5 h4 28. h3 Rd8 29. Rg4 b5 30. Rxh4 Ke5 31. Rh7 c4 32. bxc4 bxc4 33. Rxf7 c3 34. Rc7 Kd4 35. Kg2 Rg8+ 36. Kf1 Rg1+ 37. Ke2 Rg2+ 38. Ke1 c2 39. d6 c1Q+ 40. Rxc1 Bxc1 41. d7 Rg8 42. h4 Ba3 43. h5 Be7 44. h6 Ke3 45. h7 Rg1# 0-1